00205nam a2200085Ia 4500008004100000041000800041082001500049100002100064245003400085240625s9999 xx 000 0 und d aeng a808.20 SIN aSINGH DEEPSHIKHA aPERFORMANCE MANAGEMENT SYSTEM